| 000 | 00895naa a22002777a 4500 | ||
|---|---|---|---|
| 001 | BR8703752 | ||
| 003 | BR-BrBNA | ||
| 005 | 20240918175817.0 | ||
| 007 | ta | ||
| 008 | 230509b bl.||||| |||| 00| 0 por d | ||
| 040 |
_aBR-BrBNA _bpor _cBiblioteca Nacional de Agricultura |
||
| 041 | _a(Pt) | ||
| 072 |
_aF60; F01 _b1740 |
||
| 090 | _aF60 BR8703752 | ||
| 100 | 1 | _aSilva, N.F. da | |
| 245 | 1 | _aInfluencia do fotoperiodo sobre a cultura da cebola (Allium cepa L.) | |
| 260 | 3 |
_aVicosa, MG (Brasil): _c1983. |
|
| 500 | _aSeminarios de Olericultura. Volume 9 Vicosa, MG (Brasil): 1983. p. 138-149 (BR8703752-AM)F60 | ||
| 650 | _aCEBOLA | ||
| 650 | _aBULBO | ||
| 650 | _aFOTOPERIODISMO | ||
| 650 | _aCRESCIMENTO | ||
| 773 | 0 |
_tSeminarios de Olericultura. Volume 9 _wF60 BR8703752 _gVicosa, MG (Brasil), 1983. p. 138-149 |
|
| 909 |
_a202404 _bLucia _c55 _dLucia Elande |
||
| 942 |
_cAM _2AGRIS |
||
| 999 |
_c318220 _d318220 |
||